MDQL
is popping MORE tags! Check the
thread
!
Quizzes
Events
Quiz Creation
Community
Videos
Private Events
Remove Ads
Sign In
Join for FREE
Feedback
Dark Mode
Quiz Categories
Sports
Geography
Music
Movies
Television
Just For Fun
Miscellaneous
History
Literature
Language
Science
Gaming
Entertainment
Religion
Holiday
For Kids
Quiz Lab
Recent
Popular Today
Quiz Kudos Today
Editor Picks
Curator Picks
Quizzes by...
Day
Popularity
Type
Ratings
Length
Year
Community
Subscriptions
Recent Discussions
Orange Saloon
Badges
Playlists
Quests
Create
Leaderboards
Showdown
Live 5
Trivia Bingo
Activity
Puzzle Library
Sporcle Events
Private Events
Virtual Trivia
Globe League
Become a Host
Pub Owners
SporcleCon
Opinionation
Our Games
Videos
Blog
Mobile Apps
Partnerships
Remove Ads and Go Orange
Feedback
Movies
Disney
Marvel Cinematic Universe
Movie Resume
Movie Titles
Oscar
Actor
Actress
Director
Pixar
Role
Movie Quotes
Movie Characters
Box Office
Nominee
Best Picture
Star Wars
James Bond
Horror Movies
Movies
Disney
Marvel Cinematic Universe
Movie Resume
Movie Titles
Oscar
Actor
Actress
Director
Pixar
Role
Movie Quotes
Movie Characters
Box Office
Nominee
Best Picture
Star Wars
James Bond
Horror Movies
Random Quiz
Search Sporcle
×
Quiz Lab
Quiz Lab
Movies
Oscar
Type in answers that appear in a list
Type in answers that appear in a list
Classic
Best Score? Go Orange.
Best Picture Nominations 2001-2010 Stats
Can you name the films to be nominated for an oscar for Best Picture from 2001-2010?
By
LeoXIII
10m
55 Questions
164 Plays
164 Plays
164 Plays
Comments
Comments
Give Quiz Kudos
Give Quiz Kudos
-
- Ratings
hide this ad
More Info
Replay
Link that replays current quiz
Next Quiz
Link to next quiz in quiz playlist
You Got
0%
They Got
Avg Score
59%
Avg Friend Score
Upgrade to see
Score Distribution
Jump to the score distribution portion of the page
Score
0/55
Timer
10:00
0
Plays Today
Year
Film
% Correct
2010
The Hurt Locker
91.5%
2010
Avatar
90.9%
2007
The Departed
86.6%
2010
Up
86%
2006
Crash
86%
2004
The Lord of the Rings: The Return of the King
86%
2009
Slumdog Millionaire
84.8%
2008
No Country For Old Men
83.5%
2005
Million Dollar Baby
81.7%
2003
The Lord of the Rings: The Two Towers
81.1%
2001
Gladiator
79.3%
2003
Chicago
77.4%
2002
A Beautiful Mind
73.8%
2010
Up In The Air
72.6%
2006
Brokeback Mountain
70.7%
2008
There Will Be Blood
69.5%
2009
Milk
67.7%
2010
Precious (Based On The Novel Push By Sapphire
67.1%
2002
The Lord of the Rings: The Fellowship of the Ring
66.5%
2010
The Blind Side
64.6%
2005
The Aviator
64.6%
2009
The Curious Case of Benjamin Button
62.2%
2009
The Reader
62.2%
2010
A Serious Man
61.6%
2010
An Education
57.9%
2010
Inglourious Basterds
57.3%
2004
Mystic River
56.7%
2001
Traffic
56.1%
Year
Film
% Correct
2003
Gangs of New York
53.7%
2008
Juno
53%
2007
The Queen
53%
2003
The Pianist
53%
2006
Capote
52.4%
2001
Erin Brockovich
52.4%
2010
District 9
51.8%
2005
Ray
51.8%
2008
Michael Clayton
51.2%
2007
Babel
49.4%
2003
The Hours
49.4%
2002
Moulin Rouge!
47%
2009
Frost|Nixon
46.3%
2007
Letters From Iwo Jima
45.7%
2001
Crouching Tiger, Hidden Dragon
45.7%
2007
Little Miss Sunshine
45.1%
2006
Munich
43.9%
2005
Finding Neverland
42.7%
2006
Good Night, and Good Luck
42.1%
2005
Sideways
40.9%
2008
Atonement
39.6%
2004
Master and Commander: The Far Side of the World
39.6%
2004
Lost in Translation
38.4%
2001
Chocolat
36%
2004
Seabiscuit
35.4%
2002
In The Bedroom
35.4%
2002
Gosford Park
26.8%
Quiz Playlist
Details
Report
Send in Message
Add To Playlist
More Info:
The first film listed under each year, is the winner of the Oscar for that year's ceremony.
Classic:
Type in answers that appear in a list
Quiz Source
Last Updated: Feb 16, 2017
Quiz Scoreboard
CHALLENGE
Sign Up to Join the Scoreboard
Show All
Scores
Hide
Comments
May contain spoilers
Recently Published
Holiday 10x10 Sorting Gallery
by lukepisani3
Holiday
15m
Two Season TV Shows II
by 123Four
Television
10m
Image Sorting: Flags VI
by Barbecue
Geography
2m
More to Explore
Quiz From the Vault
Featured Blog Post
14 Easter Pick-up Lines to Find Eggs With
hide this ad
You Might Also Like...
Tags
Best Picture Quiz
Oscar Quiz
2000s
Image Quiz
nomination
Today's Top Quizzes in Movies
Browse Movies
hide this ad
Today's Top Quizzes in Oscar
Browse Oscar
Top Contributed Quizzes in Movies
1
The ultimate James Bond movie quiz
2
Find The 'Big' Movie
3
Find The 'Wild' Movie
4
Find The 'Blue' Movie
5
Movies By Plot
6
Hidden Star Wars Character II
7
25 Best Actor Nominees (1990s)
8
Hidden Star Wars Character III
9
😉 2024 Oscar Nominees by Emoji
10
Hidden Star Wars Character IV
Explore More
Trending Topics
Anime
Disney
NBA
Marvel
Harry Potter
Kpop
Crossword
WWE
The Office
Pokémon
Puzzle
Soccer
NFL
Country
Song
hide this ad
More By:
LeoXIII
Quiz
Plays
Rating
Category
Featured
Created
Show Within a Show
45,678
4.10
Television
Nov 29, 2010
Three's Company
1,485
4.25
Miscellaneous
Oct 10, 2010
Poker Terms
1,445
2.82
Gaming
Jun 5, 2010
Oscar Best Actors Nominees 2001-2010
720
4.57
Movies
Nov 7, 2010
Tennis Player Rackets
510
3.67
Sports
Sep 5, 2011
Go to Creator's Profile
Score Distribution
Quiz Creator Spotlight
LeoXIII
Follow
Send a Message
Quizzes Created
-
Created Quiz Play Count
-
More By This Creator
Popular Quizzes Today
1
Find the US States - No Outlines Minefield
2
Colored Red Africa Blitz
3
Find the 'City' Movie
4
The Countries of the World
5
Find the US States
6
5x2 Blitz: Bands
7
Find the Countries of Europe - No Outlines Minefield
8
US States
More Movies Quizzes
'#' First Word Missing in Oscar Best Picture Nominees
Quiz Lab
Trending Quizzes
Colored Red Europe Blitz I
Colored Red Europe Blitz II
Colored Red Africa Blitz II
Colored Red Europe Blitz III
Colored Red Africa Blitz III
Recently Updated
Odd Team Out - Big 4 Players
pecheneg
Quick Pick: 20 Twenties
pecheneg
March Madness Men's Triple Doubles
pecheneg
How Do You Spell That?
pecheneg
Godzilla Movies
pecheneg
Grab Bag: 4-10 Letters
pecheneg
2024 March Madness Bracket
pecheneg
Famous TV Couples
Peacemaker
Champions League XIs: Real Madrid
pecheneg
Largest US Cities 1790-2010
pecheneg
Trending Topics
Marvel
NBA
Crossword
Harry Potter
Disney
Kpop
Anime
Puzzle
The Office
Pokémon
NFL
Song
Soccer
WWE
Country
Your Account Isn't Verified!
In order to create a playlist on Sporcle, you need to verify the email address you used during registration. Go to your
Sporcle Settings
to finish the process.
Report this User
Report this user for behavior that violates our
Community Guidelines
.
Details:
Send Report
Go to the Sporcle.com Mobile Site →
Comments